000 00442nam a2200169Ia 4500
003 GCL
008 140319s9999 xx 000 0 eng d
040 _aGCL /
_cGCL
082 0 4 _a372.4
_bS H
100 1 _aSEARFOSS, LYNDON W
245 1 0 _aHEIPINGCH: IDREN LEARN TO READ /
_cSEARFOSS, LYNDON W
260 _a[S.N] :
_bAHYN AND BACON ،
_c1994
300 _a324 P.
650 0 4 _aREADING
650 0 4 _aCHILDREN - LEARNING
942 _2ddc
_cBK
999 _c11059
_d11059